Normal view
MARC view
- Climatic changes
Entry Topical Term
001 - CONTROL NUMBER
- control field: 106554
003 - CONTROL NUMBER IDENTIFIER
- control field: NUST
005 - DATE AND TIME OF LATEST TRANSACTION
- control field: 20221230190023.0
008 - FIXED-LENGTH DATA ELEMENTS
- fixed length control field: 221230|| aca||aabn | a|a d
040 ## - CATALOGING SOURCE
- Original cataloging agency: NUST
- Transcribing agency: NUST
150 ## - HEADING--TOPICAL TERM
- Topical term or geographic name entry element: Climatic changes
- General subdivision: Government policy
- General subdivision: International cooperation
670 ## - SOURCE DATA FOUND
- Source citation: Work cat.: (NUST)0: Bulkeley, Harriet, 1972- 106553, Governing climate change /
